000
00300nam a22001457a 4500
005
20160618123100.0
008
160618b xxu||||| |||| 00| 0 eng d
041
_a
eng
082
_b
8119
245
_a
Risk Management
260
_c
2007
300
_a
245
650
_a
Management
_9
241
942
_c
BK
999
_c
3086
_d
3085